<?xml version="1.0" encoding="UTF-8"?>
<marc:record xmlns:marc="http://www.loc.gov/MARC21/slim">
   <marc:leader>00000nam a2200000 a 4500</marc:leader>
   <marc:datafield ind1="1" ind2=" " tag="100">
      <marc:subfield code="a">Dieckmann, Sandra</marc:subfield>
      <marc:subfield code="4">aut</marc:subfield>
      <marc:subfield code="e">Verfasser/-in</marc:subfield>
   </marc:datafield>
   <marc:datafield ind1=" " ind2=" " tag="653">
      <marc:subfield code="a">Trauer</marc:subfield>
   </marc:datafield>
   <marc:datafield ind1=" " ind2=" " tag="653">
      <marc:subfield code="a">Tod</marc:subfield>
   </marc:datafield>
   <marc:datafield ind1=" " ind2=" " tag="653">
      <marc:subfield code="a">grün</marc:subfield>
   </marc:datafield>
   <marc:datafield ind1=" " ind2=" " tag="653">
      <marc:subfield code="a">Abschied</marc:subfield>
   </marc:datafield>
   <marc:datafield ind1="0" ind2="0" tag="245">
      <marc:subfield code="a">Morgen bin ich Sternenlicht</marc:subfield>
   </marc:datafield>
   <marc:datafield ind1=" " ind2="1" tag="264">
      <marc:subfield code="b">Loewe</marc:subfield>
      <marc:subfield code="c">2021</marc:subfield>
   </marc:datafield>
   <marc:datafield ind1="1" ind2=" " tag="520">
      <marc:subfield code="a">Quelle: bn.bibliotheksnachrichten (http://www.biblio.at/literatur/bn/index.html); 
Autor: Ilse Hübner; 
Eine Geschichte über Verlust und Trauerbewältigung. (ab 4) (JD)
So gute Freunde wie Fuchs und Wolf verbringen viel Zeit miteinander. Sie spielen, entdecken ihre Umgebung, schwimmen im See und lachen gemeinsam über die unsinnigsten Begebenheiten. Zusammensein ist einfach schön.
Eines Abends umarmt Wolf seinen Freund und sagt ihm: "Morgen bin ich Sternenlicht" (S. 8). Am nächsten Tag ist er tatsächlich verschwunden. Fuchs sucht ihn überall und kann ihn nirgends entdecken. Da weiß er: Wolf kommt nicht mehr.
Eine berührende und sehr gefühlsbetonte Erzählung über das Leben und den Tod. Weich und fest zugleich legt sich die Trauer über den Freund und lässt ihn kaum mehr atmen. Aber der Gedanke, dass die Verbundenheit auch durch das Weggehen von Wolf nicht verlorengeht, solange Fuchs die Erinnerung in seinem Herzen bewahrt, ermöglicht ihm, die Trauer und den Verlust leichter zu ertragen.
Mit viel Einfühlungsvermögen wurde hier eine kindgerechte Geschichte gestaltet, die kleinen LeserInnen dabei helfen kann, so einen Schicksalsschlag besser zu begreifen und den Kummer etwas zu mildern.
Die wunderschönen Illustrationen vervollständigen das empfehlenswerte Buch.</marc:subfield>
   </marc:datafield>
   <marc:datafield ind1=" " ind2=" " tag="020">
      <marc:subfield code="a">9783743209008</marc:subfield>
      <marc:subfield code="9">9783743209008</marc:subfield>
   </marc:datafield>
</marc:record>
